| 000 | 00715nam a22002057a 4500 | ||
|---|---|---|---|
| 003 | OSt | ||
| 005 | 20201124142019.0 | ||
| 008 | 100707s1992 xxu||||| |||| 00| 0 ara d | ||
| 040 | _adlc | ||
| 082 |
_222 _a320.962 _bع ب د |
||
| 100 | 1 |
_98775 _aعبد الله ، إسماعيل صبرى |
|
| 245 |
_aمصر التى نريدها : _bتقرير سياسى وبرنامج مرحلى / _cاسماعيل صبرى عبد الله |
||
| 260 |
_aالقاهرة : _bدار الشروق ، _c1992. |
||
| 300 |
_a257 ص : _c21 سم. |
||
| 500 | _aيحتوى على فهارس | ||
| 541 |
_aألف باء ؛ _cشراء ؛ |
||
| 650 |
_916059 _aالنظم السياسية _2BUEsh |
||
| 651 | _2BUEsh | ||
| 942 |
_2ddc _cBB |
||
| 999 |
_c14433 _d14433 |
||